Normal view
MARC view
- ART / Individual Artists / General
Entry Topical Term
001 - CONTROL NUMBER
- control field: 121748
003 - CONTROL NUMBER IDENTIFIER
- control field: NUST
005 - DATE AND TIME OF LATEST TRANSACTION
- control field: 20240304105134.0
008 - FIXED-LENGTH DATA ELEMENTS
- fixed length control field: 240304|| aca||aabn | a|a d
040 ## - CATALOGING SOURCE
- Original cataloging agency: NUST
- Transcribing agency: NUST
150 ## - HEADING--TOPICAL TERM
- Topical term or geographic name entry element: ART / Individual Artists / General
670 ## - SOURCE DATA FOUND
- Source citation: Work cat.: (NUST)0: Albers, Anni, author. 121747, On weaving /
